00481nam a2200181Ia 4500003000400000008004100004040001600045082001300061100002000074245007100094700001800165260004400183300001000227650001500237650001000252650001500262650002200277GCL140319s9999 xx 000 0 eng d aGCL / cGCL04a841bD P1 aDESALMAND, PAUL10a12 POEMES DE BAUDELAIRE: ANALYSES ET COMMENTES / cDESALMAND, PAUL1 aMANGRE, BRUNO a[S.N] : bMARABOUT UNIVERSITE ، c1993 a342 P04aLITERATURE04aPOEMS04aBAUDELAIRE04aFRENCH LITERATURE